<?xml version="1.0" encoding="UTF-8"?>
<collection xmlns="http://www.loc.gov/MARC21/slim">
 <record>
  <leader>00399pamaa2200145   4500</leader>
  <controlfield tag="001">0000019761</controlfield>
  <controlfield tag="005">20070104090000.0</controlfield>
  <datafield tag="020" ind1="0" ind2="0">
   <subfield code="a">0701133627 </subfield>
  </datafield>
  <datafield tag="090" ind1="0" ind2="0">
   <subfield code="a">PG5039.21.L5 </subfield>
   <subfield code="b">KLI 1986</subfield>
  </datafield>
  <datafield tag="100" ind1="1" ind2="0">
   <subfield code="a">KLIMA </subfield>
  </datafield>
  <datafield tag="245" ind1="1" ind2="0">
   <subfield code="a">Love and garbage  </subfield>
   <subfield code="c">Ivan Klima ; translated from the Czech by Ewald Osers.</subfield>
  </datafield>
  <datafield tag="260" ind1="0" ind2="0">
   <subfield code="a">London: </subfield>
   <subfield code="b">Chatto &amp; Windus, </subfield>
   <subfield code="c">1986.</subfield>
  </datafield>
  <datafield tag="300" ind1=" " ind2=" ">
   <subfield code="a">222p.; </subfield>
   <subfield code="c">24cm.</subfield>
  </datafield>
  <datafield tag="650" ind1="0" ind2="0">
   <subfield code="a">Fiction </subfield>
  </datafield>
  <datafield tag="700" ind1="1" ind2="1">
   <subfield code="a">Osers, </subfield>
   <subfield code="h">Ewald </subfield>
  </datafield>
 </record>
</collection>
